Kresťanstvo a médiá

Bibliographic Details
Main Author: Jaura, Dušan, 1967- (Author)
Format: Article
Language:Slovak
Subjects:

MARC

LEADER 00000nab a2200000 a 4500
001 vtls000736897
003 SK-MaSNL
005 20260304025015.0
008 180206c2000 xo 0 slo
015 |a SNBRA2000/11-26911 
035 |a CLN000088764 
040 |a SNKBUCL  |b slo  |c SNKBUCL  |e AACR2 
041 0 |a slo 
044 |a xo  |c SK 
080 |a 261.6  |2 UDC-MRF-SK2 
080 |a 26/28  |2 UDC-MRF-SK2 
080 |a 659.3:26/28  |2 UDC-MRF-SK2 
100 1 |a Jaura, Dušan,  |d 1967-  |4 aut  |9 253962 
245 1 0 |a Kresťanstvo a médiá  |c Dušan Jaura 
650 0 7 |a kresťanstvo  |x komunikácia mediálna  |2 snkbucl  |9 911454 
650 0 7 |a médiá  |x kresťanstvo  |x využitie  |2 snkbucl  |9 911455 
655 7 |a články z novín a časopisov  |2 snkbucl  |9 267496 
773 0 |t Listy  |g Roč. 13, č. 4 (2000), s. 8 
850 |a Slovenská národná knižnica v Martine 
852 |a SNK  |b KIS3GCP 
958 |a RBX 
999 |c 2624809  |d 2626739